Kutsal isyan : (Kayıt no. 13937)

MARC ayrıntıları
000 -BAŞLIK
Sabit Uzunlukta Kontrol Alanı 00773nam a22002417a 4500
999 ## - SİSTEM KONTROL NUMARALARI (KOHA)
Koha Biblionumber 13937
Koha Biblioitemnumber 13937
003 - KONTROL NUMARASI IDENTIFIER
Denetim Alanı MIRAKIL
005 - SON İŞLEM TARİHİ VE ZAMANI
Denetim Alanı 20200821161213.0
008 - SABİT-BOY VERİ ELEMANLARI - GENEL BİLGİLER
Sabit Uzunlukta Kontrol Alanı 200821b tu ||||| |||| 00| 0 tur d
040 ## - KATALOGLAMA KAYNAK
Orijinal Kataloglama Ajansı TR-AnCHP
Metne Dönüştürmek Ajansı TR-AnCHP
041 ## - DİL KODU
Metin / Ses Parça Veya Ayrı Başlığın Dil Kodu tur
082 ## - DEWEY ONLU SINIFLANDIRMA NUMARASI
Sınıflandırma Numarası 956.1023
Ürün Numarası D55k 1975
100 ## - ANA GİRİŞ - KİŞİSEL İSİM
Kişisel Ad Dinamo, Hasan İzzettin
245 10 - BAŞLIK TABLOSU
Başlık Kutsal isyan :
Başlığın Kalan Milli kurtuluş savaşının gerçek hikayesi/
Sorumluluk Tablosu, Vb Hasan İzzettin Dinamo.
246 ## - UNVAN FORM VARYING
Başlık Doğru / Kısa Başlığı Milli kurtuluş savaşının gerçek hikayesi
250 ## - EDITION TABLOSU
Baskı Beyanı 4. bs.
260 ## - YAYIN, DAĞITIM, VB
Yayın, Dağıtım, Vb Yeri İstanbul:
Yayıncı, Dağıtıcı, Vs Adı May Yayınları,
Yayın, Dağıtım, Vb Tarihi 1975.
300 ## - FİZİKSEL TANIM
Kapsam 6 c.:
Boyutlar 20 sm.
650 #0 - KONU KATMA GİRİŞ - TOPİKAL DÖNEM
9 (RLIN) 4
Topikal Süreli Veya Coğrafi Ad Giriş Elemanı Türkiye
Genel Alt Bölümü Tarih
Kronolojik Alt Bölümü 1918-1923
650 #0 - KONU KATMA GİRİŞ - TOPİKAL DÖNEM
9 (RLIN) 6187
Topikal Süreli Veya Coğrafi Ad Giriş Elemanı Kurtuluş savaşı
Genel Alt Bölümü Tarih
Kronolojik Alt Bölümü 1918-1923
740 ## - KATMA GİRİŞ - KONTROLSUZ İLGİLİ / ANALİTİK BAŞLIK
Kontrol Edilmeyen / İlgili Analitik Başlıktaki Milli kurtuluş savaşının gerçek hikayesi
942 ## - EKLENDİ GİRİŞ ELEMANLARI (KOHA)
Sınıflandırma Veya Raf Düzeni Kaynak Dewey Decimal Classification
Koha Öğesi Türü Kitaplar
999 ## - SİSTEM KONTROL NUMARALARI (KOHA)
Koha Biblioitemnumber 13937
Mevcut
Kalıcı Konum Mevcut Konum Edinme Tarihi Toplam Check-Out'Lar Toplam Yenileme Tam Çağrı Numarası Barkod Tarih Son Görülme Tarihi Geçen Teslim Tekdüzen Kaynak Tanımlayıcı İtibaren Geçerli Fiyatlar Sigara Kamu Notu Koha Öğesi Türü Kopya Sayısı
CHP Kütüphanesi CHP Kütüphanesi 08/21/2020 1 3 956.1023 D55k 1975 019416 04/01/2022 06/03/2021 c.1 08/21/2020 Emine Başak Alkan Bağışıdır. Kitaplar  
CHP Kütüphanesi CHP Kütüphanesi 08/21/2020 1 3 956.1023 D55k 1975 019417 04/01/2022 06/03/2021 c.2 08/21/2020 Emine Başak Alkan Bağışıdır. Kitaplar  
CHP Kütüphanesi CHP Kütüphanesi 08/21/2020 1   956.1023 D55k 1975 019418 06/07/2022 04/01/2022 c.3 08/21/2020 Emine Başak Alkan Bağışıdır. Kitaplar  
CHP Kütüphanesi CHP Kütüphanesi 08/21/2020 1   956.1023 D55k 1975 019419 06/07/2022 04/01/2022 c.4 08/21/2020 Emine Başak Alkan Bağışıdır. Kitaplar  
CHP Kütüphanesi CHP Kütüphanesi 08/21/2020 1   956.1023 D55k 1975 019420 06/09/2022 04/01/2022 c.5 08/21/2020 Emine Başak Alkan Bağışıdır. Kitaplar  
CHP Kütüphanesi CHP Kütüphanesi 08/21/2020 1   956.1023 D55k 1975 019421 08/09/2022 04/01/2022 c.6 08/21/2020 Emine Başak Alkan Bağışıdır. Kitaplar  
CHP Kütüphanesi CHP Kütüphanesi 12/02/2020 1 1 956.1023 D55k 1975 019781 10/10/2022 04/01/2022   12/02/2020 Emine Başak Alkan Bağışıdır. Kitaplar c.8
CHP Kütüphanesi CHP Kütüphanesi 07/07/2021 1   956.1023 D55k 1975 019941 08/09/2022 04/01/2022   07/07/2021 Emin Değer Bağışıdır. Kitaplar c.7
Parti Okulu Kütüphanesi Parti Okulu Kütüphanesi 07/07/2021     956.1023 D55k 1975 P00803 07/07/2021     07/07/2021 Emin Değer Bağışıdır. Kitaplar c.1
Parti Okulu Kütüphanesi Parti Okulu Kütüphanesi 07/07/2021     956.1023 D55k 1975 P00804 07/07/2021     07/07/2021 Emin Değer Bağışıdır. Kitaplar c.2
Parti Okulu Kütüphanesi Parti Okulu Kütüphanesi 07/07/2021     956.1023 D55k 1975 P00805 07/07/2021     07/07/2021 Emin Değer Bağışıdır. Kitaplar c.3
Parti Okulu Kütüphanesi Parti Okulu Kütüphanesi 07/07/2021     956.1023 D55k 1975 P00806 07/07/2021     07/07/2021 Emin Değer Bağışıdır. Kitaplar c.4
Parti Okulu Kütüphanesi Parti Okulu Kütüphanesi 07/07/2021     956.1023 D55k 1975 P00807 07/07/2021     07/07/2021 Emin Değer Bağışıdır. Kitaplar c.5
Parti Okulu Kütüphanesi Parti Okulu Kütüphanesi 07/07/2021     956.1023 D55k 1975 P00808 07/07/2021     07/07/2021 Emin Değer Bağışıdır. Kitaplar c.6
Parti Okulu Kütüphanesi Parti Okulu Kütüphanesi 07/07/2021     956.1023 D55k 1975 P00809 07/07/2021     07/07/2021 Emin Değer Bağışıdır. Kitaplar c.8